| 000 | 01026nam a2200229Ia 4500 | ||
|---|---|---|---|
| 001 | 830.9-GRU ca le (8863) | ||
| 003 | IT-MiSPE | ||
| 008 | 171229s9999||||xx |||||||||||||| ||und|| | ||
| 040 |
_aIT-MiSPE _cIT-MiSPE |
||
| 041 | _aITALIANO | ||
| 100 | _aCarlo Grunanger | ||
| 245 | 0 | _aLa letteratura tedesca medievale | |
| 250 | _a1a ed. (v) | ||
| 260 |
_aFirenze; Milano _bSansoni; Ed. Accademia _c1967 |
||
| 300 |
_a328 p. _c19 cm |
||
| 490 |
_aLe letterature del mondo _v13 |
||
| 500 | _aTedesca, letteratura - Storia | ||
| 501 | _aEdizioni San Paolo srl - Piazza Soncino, 5 - 20092 CINISELLO BALSAMO (MI) (non commercial uses only) ® Copyright 2018 | ||
| 942 | _cBK | ||
| 957 | _71 | ||
| 999 |
_a17526 _bNO _g Copie: 1 _c353012 _d353012 |
||